000 00564nam a2200205Ia 4500
005 20250508163102.0
008 008 250505s9999 xx 000 0 eng d
020 _a0-340-19750-1
037 _aTextual
040 _aFEDL
_beng
_cFEDL
041 _aeng
_2eng
084 _a370.71, DEN
_qFEDL
100 _aDent H C
245 0 _aTraining of teachers in England and Wales 1800-1975
260 _aLondon, UK
_bHodder and Stoughton
_c1977
300 _a163p
650 _aEducation
942 _cTEXL
_h370.71, DEN
999 _c1380734
_d1380734